Statistics for Famous male actors 2 (photos)

Click here to take the quiz!

General Stats

  • This quiz has been taken 84 times
    (76 since last reset)
  • The average score is 21 of 30

Answer Stats

Answer% Correct
Will Smith
99%
Tom Hanks
94%
Charlie Chaplin
90%
John Travolta
89%
Jack Black
84%
Keanu Reeves
80%
Sean Connery
79%
Ryan Reynolds
79%
Rowan Atkinson
74%
Daniel Radcliffe
74%
Charlie Sheen
74%
Macaulay Culkin
74%
Anthony Hopkins
73%
Orlando Bloom
73%
Denzel Washington
71%
Richard Gere
70%
Michael Douglas
70%
Bill Murray
69%
Hugh Grant
67%
Will Ferrell
67%
Roger Moore
60%
Colin Firth
57%
Philip Seymour Hoffman
57%
Forest Whitaker
51%
Mark Hamill
51%
Elijah Wood
50%
Adrien Brody
50%
Edward Norton
50%
Joe Pesci
49%
Tim Robbins
36%

Score Distribution

Percentile by Number Answered

Percent of People with Each Score

Your Score History

You have not taken this quiz since the last reset